Statistiken für Atlantischer Ozean - Allgemeinwissen

Klicken Sie hier um das Quiz zu spielen!

Allgemein

  • Dieses Quiz wurde 1,206 mal gespielt
  • Das Durchschnittsergebnis liegt bei 12 aus 20

Antwortstatistiken

Frage Antwort % Korrekt
Welche See grenzt an Großbritannien, die Niederlande und Dänemark?Nordsee
91%
Welcher Kanal verbindet den Atlantik mit dem Pazifik?{Panama}-Kanal
87%
Welches Gewässer trennt England von Frankreich?Ärmelkanal
81%
Welche Straße verbindet das Mittelmeer mit dem restlichen Atlantik?Straße von {Gibraltar}
80%
Welche See beinhaltet den Finnischen und den Bottnischen Meerbusen?Ostsee
78%
Welches Land grenzt nebst den USA und Mexiko noch and den Golf von MexikoKuba
75%
Welche von Spanien kontrollierte Inselgruppe liegt vor der Küste Marokkos?{Kanarische} Inseln
74%
Welche Stadt ist die Heimat der Strände Copacabana und Ipanema?Rio de Janeiro
74%
Welcher englische Entdecker ist der Namensgeber eines New Yorker Flusses und einer kanadischen Bucht?Henry Hudson
65%
Welche portugiesische Inselgruppe liegt ungefähr 1'600 km westlich von Lissabon?die {Azoren}
61%
Welches Land ist auf dem Mittelatlantischen Rücken gelegen?Island
60%
Was ist die Haupstadt der Bahamas?Nassau
58%
Welche Stadt, beginnend mit D, ist die westlichste Stadt auf dem afrikanischen Festland?Dakar
56%
Welches Land kontrolliert die Bermuda-Inseln?Vereinigtes Königreich
55%
Welches Meer grenzt an 25 verschiedene Länder, mehr als jedes andere?{Karibisches} Meer
53%
Welche Personengruppe war die erste, die sich auf beiden Seiten des Atlantiks niederließ?Wikinger
44%
Welches ist die größte Agglomeration, die an den Atlantik grenzt?New York City
43%
Auf welcher Insel finden Sie St. John's - die östlichste Stadt Kanadas?Neufundland
40%
Welche Bucht liegt nördlich von Spanien und westlich von Frankreich?Biskaya
40%
Welche Inselgruppe beinhaltet St. Thomas, St. Croix, und St. John?{Jungfern}inseln
18%

Verteilung der Resultate

Perzentil nach korrekt beantworteten Fragen

Anzahl Personen mit jedem Resultat

Ihre Resultats-Entwicklung

Sie haben dieses Quiz noch nicht gespielt